[Event "ICS rated blitz match"]
[Site "204.178.125.65"]
[Date "2000.04.11"]
[Round "?"]
[White "Hossa"]
[Black "PackMaster"]
[Result "0-1"]
[WhiteElo "2408"]
[BlackElo "2587"]
[PlyCount "92"]

1. e4 e5 2. Nf3 Nf6 3. Nxe5 d6 4. Nf3 Nxe4 5. d4 d5 6. Bd3 Be7 7. O-O Nc6 8. c4
Nb4 9. Be2 O-O 10. a3 Nc6 11. cxd5 Qxd5 12. Nc3 Nxc3 13. bxc3 Bf5 14. Re1 Rae8
15. c4 Qe4 16. Be3 Bf6 17. Ra2 a5 18. d5 Ne5 19. Nd2 Qh4 20. Qb3 Bc8 21. Qb5 b6
22. c5 Bd7 23. Qa6 Ra8 24. Qb7 bxc5 25. Qxc7 Rfc8 26. Qd6 Bg4 27. g3 Qh5 28.
Ne4 Bd8 29. Bxc5 Bc7 30. Qe7 Bxe2 31. Rexe2 Bb6 32. Bxb6 Rc1+ 33. Kg2 Qf3+ 34.
Kh3 Qg4+ 35. Kg2 Nf3 36. Nf6+ gxf6 37. Re1 Nxe1+ 38. Qxe1 Rxe1 39. Rd2 Rd1 40.
Be3 Qe4+ 41. Kh3 Qf5+ 42. Kh4 h5 43. f3 Qxf3 44. h3 Qg4+ 45. hxg4 Rh1+ 46. Rh2
Rxh2# 0-1

[Event "ICS rated bullet match"]
[Site "204.178.125.65"]
[Date "2000.04.11"]
[Round "?"]
[White "Hossa"]
[Black "PackMaster"]
[Result "0-1"]
[WhiteElo "2355"]
[BlackElo "2501"]
[PlyCount "78"]

1. e4 e5 2. Nf3 Nf6 3. Nxe5 d6 4. Nf3 Nxe4 5. d4 d5 6. Bd3 Be7 7. O-O Nc6 8. c4
Nb4 9. Be2 O-O 10. a3 Nc6 11. cxd5 Qxd5 12. Nc3 Nxc3 13. bxc3 Bf5 14. Re1 Rae8
15. Bf4 Bd6 16. c4 Qe4 17. Be3 h6 18. d5 Ne5 19. c5 Be7 20. d6 Bf6 21. Rc1 Rd8
22. Nd4 Bg6 23. dxc7 Rd7 24. Qb3 Rxc7 25. f3 Qh4 26. Nb5 Re7 27. Nxa7 Rfe8 28.
Bf2 Qg5 29. Rcd1 Ng4 30. fxg4 Rxe2 31. Rxe2 Rxe2 32. Qxb7 Qxg4 33. Rf1 Rxf2 34.
Qb8+ Kh7 35. Qh8+ Kxh8 36. Kxf2 Bd4+ 37. Ke1 Qe4+ 38. Kd1 Qc2+ 39. Ke1 Bc3# 0-1

[Event "ICS rated standard match"]
[Site "204.178.125.65"]
[Date "2000.04.11"]
[Round "?"]
[White "Hossa"]
[Black "PackMaster"]
[Result "1-0"]
[WhiteElo "2288"]
[BlackElo "2417"]
[PlyCount "165"]

1. e4 e5 2. Nf3 Nf6 3. Nxe5 d6 4. Nf3 Nxe4 5. d4 d5 6. Bd3 Be7 7. O-O Nc6 8. c4
Nb4 9. Be2 O-O 10. a3 Nc6 11. cxd5 Qxd5 12. Nc3 Nxc3 13. bxc3 Bf5 14. Re1 Rae8
15. c4 Qd6 16. Be3 Bf6 17. Ra2 b6 18. d5 Ne7 19. Nd4 Bd7 20. Qb1 Be5 21. Nf3
Bc3 22. Rc1 Ba5 23. Bd3 h6 24. Nd2 Ba4 25. Ne4 Qe5 26. f4 Qh5 27. Ng3 Qh4 28.
Re2 a6 29. Bd4 f6 30. Bh7+ Kh8 31. Rf1 Bd7 32. Bc2 b5 33. Bc5 Bb6 34. Bxb6 cxb6
35. d6 Nc8 36. Rxe8 Rxe8 37. Bf5 Rd8 38. Bxd7 Rxd7 39. Qe4 Nxd6 40. Qe6 Rd8 41.
Qe7 Nf7 42. Qxf7 Qg4 43. cxb5 axb5 44. Qc7 Rd1 45. Qxb6 Rxf1+ 46. Nxf1 Qxf4 47.
Qxb5 Qc7 48. a4 Qa7+ 49. Kh1 Kg8 50. Qe8+ Kh7 51. Nd2 Qf2 52. Nf3 Qc5 53. Ng1
Qa7 54. Qe4+ Kg8 55. Qd5+ Kf8 56. a5 Ke7 57. Nf3 Qa6 58. Qc5+ Kf7 59. Qc7+ Kf8
60. h4 Kg8 61. Qd8+ Kh7 62. Kh2 f5 63. Ne5 Qe6 64. Qc7 Qf6 65. Kg3 Qe6 66. Kh3
Qb3+ 67. Kh2 Qa4 68. Nf3 f4 69. h5 Qe8 70. Qe5 Qa4 71. Nd4 f3 72. Qf5+ Kg8 73.
Nxf3 Qc4 74. Qe5 Kh7 75. Nd4 Qb4 76. Nf5 Qb7 77. Qxg7+ Qxg7 78. Nxg7 Kxg7 79.
g4 Kf6 80. g5+ Kxg5 81. a6 Kxh5 82. a7 Kg5 83. a8=Q 1-0

[Event "ICS Rated standard match"]
[Site "204.178.125.65"]
[Date "2000.04.11"]
[Round "?"]
[White "Hossa"]
[Black "MASTIF"]
[Result "1-0"]
[WhiteElo "2310"]
[BlackElo "2069"]
[PlyCount "91"]

1. e4 b6 2. d4 Bb7 3. Bd3 e6 4. Nf3 Nf6 5. Qe2 Be7 6. e5 Nd5 7. a3 c5 8. dxc5
Bxc5 9. b4 Be7 10. O-O Nc6 11. Be4 Qc7 12. c4 Ndxb4 13. axb4 Bxb4 14. Ba3 Bxa3
15. Nxa3 a6 16. Qe3 O-O 17. Rfb1 f5 18. exf6 Rxf6 19. Qxb6 Qxb6 20. Rxb6 Ra7
21. Nb5 axb5 22. Rxa7 Nxa7 23. Rxb7 Nc6 24. cxb5 Rf4 25. bxc6 dxc6 26. Ng5 g6
27. Nxe6 Rxe4 28. Rb8+ Kf7 29. Ng5+ Kf6 30. Nxe4+ Ke5 31. Re8+ Kd5 32. Nf6+ Kd6
33. Nxh7 c5 34. Rg8 c4 35. Rxg6+ Kd5 36. Rg5+ Kd4 37. Kf1 c3 38. Ke2 Kc4 39.
Rg4+ Kb3 40. Nf6 c2 41. Kd2 Kb2 42. Rb4+ Ka3 43. Nd5 Ka2 44. Kxc2 Ka3 45. Rc4
Ka2 46. Ra4# 1-0

[Event "ICS Rated standard match"]
[Site "204.178.125.65"]
[Date "2000.04.11"]
[Round "?"]
[White "MASTIF"]
[Black "Hossa"]
[Result "0-1"]
[WhiteElo "2055"]
[BlackElo "2312"]
[PlyCount "130"]

1. e4 c6 2. d4 d5 3. e5 c5 4. c3 e6 5. Nf3 Nc6 6. Be3 Qb6 7. Qd2 cxd4 8. cxd4
Nge7 9. Nc3 Bd7 10. Bd3 Nb4 11. Bb1 Qa6 12. Qe2 Qxe2+ 13. Kxe2 Nc8 14. a3 Nc6
15. Bd3 Be7 16. b4 f6 17. Rhc1 fxe5 18. dxe5 O-O 19. Nb5 Bd8 20. Rc2 Rxf3 21.
gxf3 Nxe5 22. Nc7 Rb8 23. Bb5 Bxc7 24. Bxd7 Nxd7 25. Rxc7 Nf6 26. Rac1 Nd6 27.
Bxa7 Ra8 28. Bc5 Nc4 29. Rxb7 Rxa3 30. b5 Ra2+ 31. Kf1 e5 32. b6 Rb2 33. Rc7
Nxb6 34. Rb7 Nc4 35. Rxb2 Nxb2 36. Be7 Nh5 37. Rc5 Nf4 38. Bg5 Ne6 39. Rb5 Nxg5
40. Rxb2 Nxf3 41. Kg2 Ne1+ 42. Kg3 Nd3 43. Rb7 g5 44. Rd7 d4 45. Kf3 h5 46. Ke4
Nc5+ 47. Kxe5 Nxd7+ 48. Kxd4 Kg7 49. Ke4 Kf6 50. h3 Nc5+ 51. Ke3 h4 52. f4 Ne6
53. fxg5+ Kxg5 54. Kf3 Nf4 55. Kf2 Nxh3+ 56. Kf3 Nf4 57. Kf2 Kg4 58. Kg1 Kg3
59. Kh1 h3 60. Kg1 Nd3 61. Kh1 Nf2+ 62. Kg1 h2+ 63. Kf1 h1=Q+ 64. Ke2 Qd5 65.
Ke3 Qd3# 0-1

[Event "ICS rated standard match"]
[Site "204.178.125.65"]
[Date "2000.04.11"]
[Round "?"]
[White "Hossa"]
[Black "chess-bomber"]
[Result "1-0"]
[WhiteElo "2315"]
[BlackElo "1983"]
[PlyCount "89"]

1. e4 g6 2. d4 Bg7 3. Nc3 d6 4. Nf3 c6 5. Be2 Nd7 6. O-O Qc7 7. Bd3 Ngf6 8. Bg5
h6 9. Be3 O-O 10. Qd2 Ng4 11. Bf4 e5 12. dxe5 dxe5 13. Bg3 Re8 14. Be2 Ngf6 15.
Bh4 a6 16. Rfd1 Bf8 17. Bd3 b5 18. a3 Bb7 19. Ne2 c5 20. Nc3 c4 21. Be2 Kg7 22.
Bf1 Rad8 23. Qe2 Nc5 24. Bxf6+ Kxf6 25. g3 Kg7 26. Bg2 Be7 27. Nd5 Bxd5 28.
Rxd5 Rxd5 29. exd5 Nd7 30. a4 f5 31. axb5 axb5 32. Ra6 Bc5 33. Re6 Re7 34. Nd4
Bxd4 35. d6 Rxe6 36. dxc7 Nb6 37. Bb7 Bxb2 38. Qd2 Bd4 39. Qb4 c3 40. Qxb5 Re7
41. Qxb6 Bxb6 42. c8=Q Rc7 43. Qb8 h5 44. Ba6 Ba5 45. Qb5 1-0

[Event "ICS rated standard match"]
[Site "204.178.125.65"]
[Date "2000.04.11"]
[Round "?"]
[White "chess-bomber"]
[Black "Hossa"]
[Result "1-0"]
[WhiteElo "1979"]
[BlackElo "2319"]
[PlyCount "152"]

1. g3 d5 2. Bg2 c6 3. d3 Nf6 4. Nd2 e5 5. c3 Nbd7 6. Ngf3 Bd6 7. O-O O-O 8. Re1
Re8 9. e4 Nc5 10. Qc2 Bg4 11. h3 Bh5 12. b4 dxe4 13. dxe4 Ne6 14. Bb2 a5 15. a3
b5 16. Nb3 a4 17. Nbd2 Bc7 18. c4 Qb8 19. c5 Rd8 20. Qc3 Qc8 21. Bf1 Qd7 22.
Kg2 Nd4 23. Nxd4 exd4 24. Qd3 Rab8 25. f4 Rb7 26. Be2 Bxe2 27. Rxe2 h5 28. Nf3
h4 29. Nxh4 Re8 30. Nf3 Rbb8 31. Rd1 Rbd8 32. Ng5 Nh7 33. Nxh7 Kxh7 34. e5+ Kg8
35. Re4 Qd5 36. Kf2 Qe6 37. Kg2 Qd5 38. Kh2 Qb3 39. Qxb3 axb3 40. Rexd4 Rxd4
41. Rxd4 Rd8 42. Rxd8+ Bxd8 43. Kg2 Kf8 44. Kf3 g5 45. f5 Kg8 46. Ke4 Kg7 47.
g4 Kh7 48. Kd3 Kg8 49. Kc3 Kf8 50. Kxb3 Ke8 51. a4 bxa4+ 52. Kxa4 Kd7 53. b5
Be7 54. Bd4 cxb5+ 55. Kxb5 Kd8 56. Kc6 Kc8 57. Be3 f6 58. e6 Bf8 59. Bf2 Be7
60. h4 gxh4 61. Bxh4 Kd8 62. Bg3 Ke8 63. Bd6 Bd8 64. Kb7 Be7 65. Bxe7 Kxe7 66.
c6 Kd6 67. c7 Ke5 68. c8=Q Kf4 69. e7 Kg3 70. e8=Q Kf3 71. Qf7 Kxg4 72. Qxf6
Kg3 73. Qg6+ Kf2 74. Qce8 Kf3 75. Qgg8 Kf4 76. f6 Kf5 1-0

[Event "ICS rated blitz match"]
[Site "204.178.125.65"]
[Date "2000.04.11"]
[Round "?"]
[White "Mofongo"]
[Black "Hossa"]
[Result "1-0"]
[WhiteElo "2756"]
[BlackElo "2400"]
[PlyCount "69"]

1. Nf3 d5 2. c4 e6 3. g3 Nf6 4. Bg2 dxc4 5. Na3 Bxa3 6. Qa4+ Bd7 7. Qxa3 Bc6 8.
O-O Nbd7 9. b3 cxb3 10. axb3 h5 11. d3 h4 12. Nxh4 Bxg2 13. Nxg2 Ng4 14. Nh4
Nge5 15. Bb2 g5 16. Ng2 f6 17. f4 Ng4 18. fxg5 e5 19. h4 c5 20. Qa4 c4 21. Qxc4
Qb6+ 22. e3 Nxe3 23. Nxe3 Qxe3+ 24. Kg2 fxg5 25. Qe6+ Kd8 26. Rf7 Qd2+ 27. Kh1
Qxd3 28. Qe7+ Kc7 29. Qxe5+ Kb6 30. Bd4+ Qxd4 31. Qxd4+ Nc5 32. Rf6+ Kc7 33.
Qxc5+ Kb8 34. Qd6+ Kc8 35. Rc1# 1-0

[Event "ICS Rated standard match"]
[Site "204.178.125.65"]
[Date "2000.04.11"]
[Round "?"]
[White "Hossa"]
[Black "JudgeTurpin"]
[Result "0-1"]
[WhiteElo "2291"]
[BlackElo "2474"]
[PlyCount "160"]

1. e4 c5 2. Nf3 e6 3. d4 cxd4 4. Nxd4 Nc6 5. Nc3 a6 6. Be2 Qc7 7. Be3 Nf6 8.
O-O Be7 9. Qd2 d6 10. Rad1 Bd7 11. Nb3 b5 12. a3 Ne5 13. Nc1 O-O 14. Bg5 Bc6
15. Bxf6 gxf6 16. Nb3 Kh8 17. Nd4 Bb7 18. Kh1 Rg8 19. f4 Nc4 20. Bxc4 Qxc4 21.
Rf2 f5 22. Qe3 fxe4 23. Nxe4 Qd5 24. Nc3 Qh5 25. Nf3 Rac8 26. Qd4+ Rg7 27. Qe3
Rcg8 28. Ne4 d5 29. Ned2 Qf5 30. Nb3 Ba8 31. Nbd4 Qe4 32. Qd2 Bd6 33. g3 Qg6
34. Qa5 Bc5 35. Qxa6 Qh5 36. Kg1 b4 37. axb4 Bxb4 38. Qb6 Be7 39. f5 e5 40. Qc7
f6 41. Ne6 Rf7 42. Rdf1 Bb4 43. Qb6 Rb7 44. Qa6 Rbb8 45. c3 Be7 46. Qa7 Rb7 47.
Qa2 Qxf5 48. Nfd4 Qe4 49. Nf5 d4 50. Rf3 Rgb8 51. Ng5 fxg5 52. Qe6 Bf8 53. Qf6+
Bg7 54. Qxg5 dxc3 55. bxc3 Qc6 56. g4 h6 57. Rh3 Qh1+ 58. Kxh1 Rb2+ 59. Rff3
Bxf3+ 60. Rxf3 hxg5 61. Ne7 Rc2 62. Rh3+ Bh6 63. Rg3 Rbb2 64. c4 Kh7 65. Nd5
Bf8 66. Nf6+ Kg7 67. Nd7 Rxh2+ 68. Kg1 Rhd2 69. Kh1 Rxd7 70. Rg2 Rd1+ 71. Kh2
Rdd2 72. Rxd2 Rxd2+ 73. Kg1 Bc5+ 74. Kf1 e4 75. Ke1 e3 76. Kf1 Rf2+ 77. Ke1 e2
78. Kd2 Rh2 79. Kd3 e1=R 80. Kc3 Re3# 0-1

[Event "ICS Rated standard match"]
[Site "204.178.125.65"]
[Date "2000.04.11"]
[Round "?"]
[White "chuda"]
[Black "Hossa"]
[Result "0-1"]
[WhiteElo "2019"]
[BlackElo "2283"]
[PlyCount "21"]

1. e4 d6 2. d4 g6 3. Nf3 Bg7 4. Nc3 Nf6 5. Bd3 Bg4 6. h3 Bxf3 7. Qxf3 Nc6 8.
Be3 O-O 9. O-O-O e5 10. d5 Nd4 11. Bxd4 0-1

[Event "ICS rated blitz match"]
[Site "204.178.125.65"]
[Date "2000.04.11"]
[Round "?"]
[White "Hossa"]
[Black "libertad"]
[Result "1-0"]
[WhiteElo "2396"]
[BlackElo "1966"]
[PlyCount "30"]

1. e4 e5 2. Nf3 Nc6 3. Nc3 Nf6 4. Nxe5 Nxe5 5. d4 Nc6 6. d5 Nb8 7. e5 Ng8 8. d6
Nc6 9. Nb5 cxd6 10. exd6 Bxd6 11. Nxd6+ Kf8 12. Be2 Qe7 13. O-O h5 14. Re1 h4
15. Bg4 Nf6 1-0

[Event "ICS rated blitz match"]
[Site "204.178.125.65"]
[Date "2000.04.11"]
[Round "?"]
[White "chessjaun"]
[Black "Hossa"]
[Result "0-1"]
[WhiteElo "1997"]
[BlackElo "2398"]
[PlyCount "92"]

1. e4 e5 2. Nf3 Nc6 3. Bc4 Nf6 4. d3 Bc5 5. O-O d6 6. c3 Bg4 7. b4 Bb6 8. Nbd2
O-O 9. Bb2 a6 10. h3 Bh5 11. a4 a5 12. b5 Ne7 13. Ba3 Rb8 14. Qc2 Ba7 15. d4
Nd7 16. Rad1 Bxf3 17. Nxf3 Ng6 18. Rfe1 Nh4 19. Qd3 Nxf3+ 20. Qxf3 Qe7 21. Re2
Rfe8 22. g3 Nf6 23. dxe5 Qxe5 24. Kg2 Bc5 25. Bb2 Qe7 26. Rde1 Nd7 27. Bb3 Ne5
28. Qf5 g6 29. Qf4 Nd3 30. Qh6 Nxe1+ 31. Rxe1 Qf6 32. Re2 Rxe4 33. c4 Bd4 34.
Bxd4 Qxd4 35. Rd2 Qe5 36. c5 dxc5 37. Bxf7+ Kxf7 38. Qxh7+ Kf6 39. g4 Rd4 40.
Qh4+ Kg7 41. Rc2 Qe4+ 42. Kh2 Rd1 43. f3 Qxc2+ 44. Kg3 Rg1+ 45. Kf4 Qd2+ 46.
Ke4 Qd4# 0-1

[Event "ICS rated blitz match"]
[Site "204.178.125.65"]
[Date "2000.04.11"]
[Round "?"]
[White "Hossa"]
[Black "Blytz"]
[Result "1-0"]
[WhiteElo "2401"]
[BlackElo "2141"]
[PlyCount "53"]

1. e4 g6 2. d4 Nf6 3. e5 Nh5 4. Nf3 d5 5. c4 c6 6. Nc3 Ng7 7. cxd5 cxd5 8. Be2
Nc6 9. O-O Nf5 10. Bf4 e6 11. Rc1 Bg7 12. Nb5 a6 13. Nc3 O-O 14. g4 Nfe7 15.
Bg5 Qb6 16. Qd2 f6 17. exf6 Bxf6 18. Bh6 Bg7 19. Na4 Qd8 20. Nc5 b6 21. Bxg7
Kxg7 22. Nd3 Bd7 23. Qe3 Qb8 24. Nde5 Nxe5 25. Qxe5+ Qxe5 26. Nxe5 Rfd8 27. Rc7
1-0

[Event "ICS rated standard match"]
[Site "204.178.125.65"]
[Date "2000.04.11"]
[Round "?"]
[White "Hossa"]
[Black "san1969"]
[Result "1-0"]
[WhiteElo "2294"]
[BlackElo "2203"]
[PlyCount "71"]

1. e4 e6 2. d4 d5 3. Nc3 Bb4 4. e5 Ne7 5. a3 Bxc3+ 6. bxc3 c5 7. a4 Qc7 8. Nf3
b6 9. Be3 Nf5 10. Bb5+ Nd7 11. O-O a6 12. Be2 Rb8 13. Bc1 Rf8 14. Bd3 h5 15.
Bxf5 exf5 16. Ng5 cxd4 17. cxd4 Qc3 18. Ra3 Qc6 19. Re1 Rb7 20. e6 Nf6 21.
exf7+ Kd8 22. Nf3 Be6 23. Qe2 Ne4 24. Ne5 Qd6 25. Qxa6 Bc8 26. Qe2 Be6 27. Rh3
b5 28. axb5 Rfxf7 29. Qxh5 Rf6 30. Ba3 Rh6 31. Qxh6 gxh6 32. Bxd6 Nxd6 33. Rxh6
Rxb5 34. Rxe6 Ne4 35. f3 Nd2 36. Rf6 1-0

[Event "ICS rated blitz match"]
[Site "204.178.125.65"]
[Date "2000.04.11"]
[Round "?"]
[White "kako"]
[Black "Hossa"]
[Result "1/2-1/2"]
[WhiteElo "2135"]
[BlackElo "2407"]
[PlyCount "44"]

1. e4 e5 2. Nf3 Nc6 3. Bb5 a6 4. Ba4 Nf6 5. O-O Be7 6. Re1 b5 7. Bb3 O-O 8. c3
d5 9. exd5 Nxd5 10. Nxe5 Nxe5 11. Rxe5 c6 12. g3 Bf6 13. Re1 c5 14. d4 Bb7 15.
Be3 Nxe3 16. fxe3 Qd7 17. Nd2 cxd4 18. exd4 Bxd4+ 19. cxd4 Qxd4+ 20. Kf1 Qf6+
21. Kg1 Qd4+ 22. Kf1 Qf6+ 1/2-1/2

[Event "ICS rated standard match"]
[Site "204.178.125.65"]
[Date "2000.04.12"]
[Round "?"]
[White "no-good"]
[Black "Hossa"]
[Result "0-1"]
[WhiteElo "1957"]
[BlackElo "2310"]
[PlyCount "100"]

1. e4 c6 2. d4 d5 3. Nc3 e6 4. Nf3 Bb4 5. e5 c5 6. a3 Bxc3+ 7. bxc3 Nc6 8. Bb5
cxd4 9. Bxc6+ bxc6 10. cxd4 Ba6 11. Rb1 Ne7 12. c3 Rb8 13. Bg5 Rxb1 14. Qxb1
O-O 15. Qb4 f6 16. exf6 gxf6 17. Bf4 Ng6 18. Bg3 e5 19. Kd2 Rf7 20. Rc1 Rb7 21.
Qc5 e4 22. Nh4 Nxh4 23. Bxh4 Rb2+ 24. Rc2 Qb8 25. c4 Qf4+ 26. Kc3 Rxc2+ 27.
Kxc2 Qxh4 28. Qxc6 Qxf2+ 29. Kc3 Qe1+ 30. Kc2 Qe2+ 31. Kb1 Qd1+ 32. Kb2 Qxd4+
33. Kb1 Qd1+ 34. Kb2 Qd2+ 35. Kb1 Qd3+ 36. Kb2 Qe2+ 37. Kb1 Qf1+ 38. Kb2 Qxg2+
39. Kc3 Bxc4 40. Qe8+ Kg7 41. Qe7+ Kg6 42. Qe8+ Kh6 43. Qf8+ Qg7 44. Qd6 Kh5
45. Kd4 Qg1+ 46. Kc3 Qc1+ 47. Kd4 Qa1+ 48. Ke3 Qc3+ 49. Kf2 Qf3+ 50. Kg1 Qf1#
0-1

[Event "ICS rated standard match"]
[Site "204.178.125.65"]
[Date "2000.04.12"]
[Round "?"]
[White "Hossa"]
[Black "no-good"]
[Result "1-0"]
[WhiteElo "2314"]
[BlackElo "1953"]
[PlyCount "55"]

1. e4 e6 2. d4 d5 3. Nc3 dxe4 4. Nxe4 Bd7 5. Nf3 Bc6 6. Bd3 Nd7 7. O-O Ngf6 8.
Ng3 Be7 9. c4 Bxf3 10. Qxf3 c6 11. b3 O-O 12. Bb2 Qc7 13. Ne4 Nxe4 14. Bxe4 Nf6
15. a3 a5 16. Bc2 Rad8 17. Rfe1 Rd7 18. Be4 Rfd8 19. Rad1 Qb6 20. Bb1 Qc7 21.
Rd2 h6 22. g3 c5 23. d5 exd5 24. cxd5 Nxd5 25. Bf5 Bg5 26. Rxd5 Rxd5 27. Qxd5
g6 28. Bxg6 1-0

[Event "ICS rated standard match"]
[Site "204.178.125.65"]
[Date "2000.04.12"]
[Round "?"]
[White "MISTERNO"]
[Black "Hossa"]
[Result "0-1"]
[WhiteElo "2046"]
[BlackElo "2318"]
[PlyCount "36"]

1. b3 e5 2. c4 Nc6 3. Bb2 Nf6 4. d3 Bb4+ 5. Nd2 d5 6. a3 Bxd2+ 7. Qxd2 dxc4 8.
bxc4 O-O 9. e3 Bf5 10. a4 Re8 11. e4 Bc8 12. f4 Nd4 13. Bxd4 Qxd4 14. Rb1 Nxe4
15. Qb2 Nc3 16. Ne2 exf4 17. Qxc3 Qxc3+ 18. Kd1 Qxd3+ 0-1

[Event "ICS rated blitz match"]
[Site "204.178.125.65"]
[Date "2000.04.12"]
[Round "?"]
[White "Hossa"]
[Black "jdh"]
[Result "1-0"]
[WhiteElo "2397"]
[BlackElo "2026"]
[PlyCount "32"]

1. e4 e5 2. Nf3 Nc6 3. Nc3 Nf6 4. Nxe5 Nxe5 5. d4 Nc6 6. d5 Nb8 7. e5 Ng8 8. d6
cxd6 9. exd6 Qb6 10. Nb5 Na6 11. Qe2+ Kd8 12. Be3 Qa5+ 13. c3 Nf6 14. Qc4 b6
15. Qxf7 Bb7 16. Bg5 Kc8 1-0

[Event "ICS rated blitz match"]
[Site "204.178.125.65"]
[Date "2000.04.12"]
[Round "?"]
[White "QueenMaxima"]
[Black "Hossa"]
[Result "0-1"]
[WhiteElo "2485"]
[BlackElo "2400"]
[PlyCount "76"]

1. d4 Nf6 2. c4 e5 3. dxe5 Ng4 4. Nf3 Bc5 5. e3 Nc6 6. Nc3 Ngxe5 7. Be2 Nxf3+
8. Bxf3 Ne5 9. O-O Nxf3+ 10. Qxf3 O-O 11. Bd2 Re8 12. Ne4 Be7 13. Bc3 d6 14.
Qg3 g6 15. Qf3 f5 16. Ng3 Bg5 17. Qd5+ Re6 18. h3 c6 19. Qd4 Bf6 20. Qd3 Bxc3
21. Qxc3 b6 22. Ne2 Bb7 23. Rfd1 Qe7 24. Kh1 Re4 25. Qb3 Ba6 26. Nd4 c5 27. Nb5
Rd8 28. Na3 f4 29. exf4 Rxf4 30. f3 Qf6 31. Rab1 Qh4 32. Qa4 Bc8 33. Rd2 Bxh3
34. gxh3 Qxh3+ 35. Kg1 Qxf3 36. Qc2 Re8 37. Rg2 Qe3+ 38. Qf2 Rxf2 0-1

[Event "ICS rated blitz match"]
[Site "204.178.125.65"]
[Date "2000.04.12"]
[Round "?"]
[White "Hossa"]
[Black "QueenMaxima"]
[Result "0-1"]
[WhiteElo "2420"]
[BlackElo "2465"]
[PlyCount "120"]

1. e4 c5 2. Nf3 Nc6 3. d4 cxd4 4. Nxd4 Nf6 5. Nc3 d6 6. Bg5 e6 7. Qd2 a6 8.
O-O-O h6 9. Be3 Be7 10. f4 Bd7 11. g3 O-O 12. Kb1 Ng4 13. Bg1 Qc7 14. Nxc6 Bxc6
15. Bd4 e5 16. Bf2 Nxf2 17. Qxf2 b6 18. Bh3 Qb7 19. Nd5 Rfe8 20. Rhf1 Bd8 21.
Qf3 Bb5 22. Rf2 Bc6 23. Rfd2 b5 24. Bf5 b4 25. fxe5 dxe5 26. Rf2 Ba5 27. h3
Rad8 28. h4 Qa7 29. g4 Bxd5 30. exd5 e4 31. Qg2 g6 32. Re2 gxf5 33. gxf5+ Kh8
34. f6 Rg8 35. Qxe4 Rg1 36. Ree1 Rg6 37. Rf1 Qa8 38. Rf5 Re8 39. Qf4 Re2 40.
Rh5 Kg8 41. Rxh6 Rxh6 42. Qxh6 Rg2 43. Qe3 Qc8 44. Rc1 Kf8 45. Qe4 Rg6 46. Qe7+
Kg8 47. d6 Qe6 48. h5 Rxf6 49. Rg1+ Kh7 50. Qf8 Qg4 51. Re1 b3 52. Qe7 bxc2+
53. Kxc2 Qc4+ 54. Kb1 Rf1 55. Qxf7+ Qxf7 56. Rxf1 Qxf1+ 57. Kc2 Qe2+ 58. Kb3
Qd3+ 59. Ka4 Qc4+ 60. Kxa5 Qb5# 0-1

[Event "ICS rated blitz match"]
[Site "204.178.125.65"]
[Date "2000.04.12"]
[Round "?"]
[White "eivissa"]
[Black "Hossa"]
[Result "1/2-1/2"]
[WhiteElo "1983"]
[BlackElo "2406"]
[PlyCount "151"]

1. c4 e5 2. Nc3 Nf6 3. Nf3 Nc6 4. g3 Bb4 5. Bg2 O-O 6. O-O e4 7. Ng5 Bxc3 8.
bxc3 Re8 9. d3 exd3 10. exd3 h6 11. Ne4 b6 12. Nxf6+ Qxf6 13. Bf4 Qxc3 14. Bd5
Qb2 15. Bxc7 Re2 16. Bd6 Bb7 17. Ba3 Qd2 18. Qxd2 Rxd2 19. Rfd1 Rxd1+ 20. Rxd1
Re8 21. Kf1 Na5 22. Bxb7 Nxb7 23. Bb4 Nd8 24. Re1 Rxe1+ 25. Kxe1 a6 26. Bd6 Ne6
27. Kd2 Nd4 28. Bc7 b5 29. Ke3 Nc2+ 30. Ke4 f5+ 31. Kxf5 Nb4 32. cxb5 axb5 33.
f4 Kh7 34. a3 Nxd3 35. Ke4 Nc5+ 36. Kd5 Nb7 37. f5 h5 38. h3 Kh6 39. Bf4+ Kh7
40. g4 hxg4 41. hxg4 Kg8 42. Bd2 Kf8 43. Bc3 Kg8 44. g5 Kf7 45. g6+ Kf8 46. f6
gxf6 47. Bxf6 Ke8 48. Bc3 Kf8 49. g7+ Kg8 50. Bf6 Kh7 51. Ke5 Nc5 52. Kd5 Nb7
53. Ba1 Na5 54. Kd6 Nc4+ 55. Kxd7 Nxa3 56. Ke6 Kg8 57. Kd5 Kf7 58. Be5 b4 59.
Kd4 Nc2+ 60. Kd3 Ne1+ 61. Ke3 Kg8 62. Bf6 Kf7 63. Ke2 Ng2 64. Kf3 Nh4+ 65. Ke4
Ng2 66. Be5 Ne1 67. Bb2 Nc2 68. Kd3 Ne1+ 69. Ke3 Nc2+ 70. Kd2 b3 71. Kd3 Na3
72. Bd4 Nb5 73. Bf6 Nd6 74. g8=Q+ Kxg8 75. Kc3 Kf7 76. Kxb3 1/2-1/2

[Event "ICS rated blitz match"]
[Site "204.178.125.65"]
[Date "2000.04.12"]
[Round "?"]
[White "Hossa"]
[Black "QueenMaxima"]
[Result "1/2-1/2"]
[WhiteElo "2393"]
[BlackElo "2479"]
[PlyCount "44"]

1. e4 c5 2. Nf3 Nc6 3. d4 cxd4 4. Nxd4 Nf6 5. Nc3 d6 6. Bg5 e6 7. Qd2 a6 8.
O-O-O Bd7 9. f4 Qb6 10. Nxc6 Bxc6 11. e5 dxe5 12. fxe5 Nd7 13. Ne4 Nxe5 14.
Nd6+ Bxd6 15. Qxd6 Ng6 16. Re1 Qa5 17. Rxe6+ fxe6 18. Qxe6+ Kf8 19. Qd6+ Ke8
20. Qe6+ Kf8 21. Qd6+ Ke8 22. Qe6+ Kf8 1/2-1/2

[Event "ICS rated blitz match"]
[Site "204.178.125.65"]
[Date "2000.04.12"]
[Round "?"]
[White "QueenMaxima"]
[Black "Hossa"]
[Result "1-0"]
[WhiteElo "2475"]
[BlackElo "2397"]
[PlyCount "69"]

1. d4 Nf6 2. c4 e5 3. dxe5 Ng4 4. Nf3 Bc5 5. e3 Nc6 6. Be2 Ngxe5 7. Nxe5 Nxe5
8. Nc3 d6 9. O-O Be6 10. Qb3 Bb6 11. a4 c6 12. a5 Bxa5 13. f4 Nd7 14. Qxb7 Bxc3
15. bxc3 Rc8 16. f5 Nc5 17. Qb2 Rb8 18. Qc2 Bc8 19. Rxa7 Qb6 20. Ra3 O-O 21. f6
g6 22. Bf3 Bf5 23. Qf2 Nd3 24. Qh4 Qd8 25. Bxc6 Rb1 26. Ra8 h5 27. Qg5 Bc8 28.
Rxc8 Nxc1 29. Rxd8 Ne2+ 30. Kf2 Kh7 31. Rxf8 Rxf1+ 32. Kxf1 d5 33. Rh8+ Kxh8
34. Qh6+ Kg8 35. Qg7# 1-0

[Event "ICS rated blitz match"]
[Site "204.178.125.65"]
[Date "2000.04.12"]
[Round "?"]
[White "Hossa"]
[Black "QueenMaxima"]
[Result "1/2-1/2"]
[WhiteElo "2385"]
[BlackElo "2487"]
[PlyCount "180"]

1. e4 c5 2. Nf3 Nc6 3. d4 cxd4 4. Nxd4 Nf6 5. Nc3 d6 6. Bg5 e6 7. Qd2 a6 8.
O-O-O Bd7 9. f4 Be7 10. Nf3 b5 11. e5 b4 12. exf6 bxc3 13. Qxc3 gxf6 14. Bh4 d5
15. Kb1 Rg8 16. g3 f5 17. Bxe7 Qxe7 18. Ng5 h6 19. Nh7 d4 20. Rxd4 Nxd4 21.
Qxd4 Bc6 22. Bxa6 Rxa6 23. Nf6+ Kf8 24. Nxg8 Kxg8 25. Rc1 Be4 26. a4 Qd6 27.
Qxd6 Rxd6 28. h4 Rd2 29. a5 Rg2 30. a6 Rd2 31. Ka2 Rd6 32. b4 Rxa6+ 33. Kb3 Ra7
34. b5 f6 35. c4 Rb7 36. Kb4 e5 37. c5 Bc6 38. b6 Rd7 39. fxe5 fxe5 40. Re1 e4
41. Rf1 Rd4+ 42. Kc3 Rd5 43. Kb4 e3 44. Kc4 Kg7 45. Re1 Re5 46. Kd4 Kf6 47.
Rxe3 Rxe3 48. Kxe3 Ke5 49. h5 Be4 50. c6 Bxc6 51. Kd3 Kd6 52. Ke3 Bd7 53. Kf4
Kc6 54. Ke5 Kxb6 55. Kf6 Be8 56. Kxf5 Bxh5 57. g4 Bf7 58. Kf6 Bb3 59. Kg6 Kc5
60. Kxh6 Kd4 61. g5 Bd5 62. g6 Ba8 63. g7 Bd5 64. Kg5 Bg8 65. Kh4 Ke4 66. Kg5
Kd5 67. Kh4 Kd6 68. Kg5 Ke5 69. Kh4 Kf4 70. Kh5 Kf5 71. Kh6 Kf6 72. Kh5 Ke6 73.
Kh6 Kf5 74. Kh5 Kf6 75. Kh6 Ke7 76. Kg5 Kd6 77. Kh4 Kd5 78. Kg5 Kc6 79. Kh4 Kd7
80. Kg5 Kc7 81. Kh4 Kb7 82. Kg5 Kc8 83. Kh4 Kd8 84. Kg5 Ke7 85. Kh4 Ke6 86. Kg5
Kd7 87. Kh4 Ke8 88. Kg5 Kf7 89. Kh5 Bh7 90. g8=Q+ Bxg8 1/2-1/2

[Event "ICS rated blitz match"]
[Site "204.178.125.65"]
[Date "2000.04.12"]
[Round "?"]
[White "QueenMaxima"]
[Black "Hossa"]
[Result "1-0"]
[WhiteElo "2460"]
[BlackElo "2390"]
[PlyCount "105"]

1. d4 Nf6 2. c4 d6 3. Nc3 e5 4. Nf3 Nbd7 5. e4 Be7 6. Be2 O-O 7. O-O c6 8. Re1
Re8 9. Bf1 Bf8 10. Rb1 exd4 11. Nxd4 Be7 12. Qc2 Nc5 13. b4 Ne6 14. Nf5 a5 15.
Qa4 Bd7 16. Be3 Ng4 17. Nxe7+ Rxe7 18. Bd2 Nd4 19. bxa5 Qc7 20. f3 Ne5 21. Qd1
Be6 22. Bg5 f6 23. Be3 c5 24. Nd5 Bxd5 25. cxd5 Rxa5 26. a4 f5 27. Bxd4 cxd4
28. Qxd4 fxe4 29. Rxe4 Rc5 30. Rbe1 b6 31. f4 Ng6 32. Rxe7 Nxe7 33. Qe4 Kf7 34.
Qxh7 Rxd5 35. Qh3 Qc5+ 36. Kh1 Rf5 37. Bd3 Rf6 38. Qd7 d5 39. Bb5 Rxf4 40. Qe8+
Kf6 41. Qf8+ Kg5 42. Qxg7+ Ng6 43. Re5+ Rf5 44. h4+ Kf4 45. g3+ Kf3 46. Rxf5+
Ke3 47. Qh6+ Ke4 48. Rf4+ Ke3 49. Rb4+ Kf3 50. Qh5+ Kxg3 51. Qg4+ Kf2 52. Qg2+
Ke3 53. Qe2# 1-0

[Event "ICS rated blitz match"]
[Site "204.178.125.65"]
[Date "2000.04.12"]
[Round "?"]
[White "Hossa"]
[Black "lupica"]
[Result "1-0"]
[WhiteElo "2377"]
[BlackElo "2078"]
[PlyCount "43"]

1. e4 c5 2. Nf3 d6 3. d4 cxd4 4. Nxd4 Nf6 5. Nc3 e6 6. Be2 Be7 7. O-O a6 8. f4
Qc7 9. Be3 O-O 10. Qd2 b5 11. e5 Nd5 12. Nxe6 fxe6 13. Nxd5 exd5 14. Qxd5+ Kh8
15. exd6 Bxd6 16. Rad1 Nc6 17. Qxd6 Qxd6 18. Rxd6 Nb4 19. Bc5 Nxc2 20. Bd3 Bf5
21. Rc1 Bxd3 22. Rxd3 1-0